MDQL
is popping MORE tags! Check the
thread
!
Quizzes
Events
Quiz Creation
Community
Videos
Private Events
Remove Ads
Sign In
Join for FREE
Feedback
Dark Mode
Quiz Categories
Sports
Geography
Music
Movies
Television
Just For Fun
Miscellaneous
History
Literature
Language
Science
Gaming
Entertainment
Religion
Holiday
For Kids
Quiz Lab
Recent
Popular Today
Quiz Kudos Today
Editor Picks
Curator Picks
Quizzes by...
Day
Popularity
Type
Ratings
Length
Year
Community
Subscriptions
Recent Discussions
Orange Saloon
Badges
Playlists
Quests
Create
Leaderboards
Showdown
Live 5
Trivia Bingo
Activity
Puzzle Library
Sporcle Events
Private Events
Virtual Trivia
Globe League
Become a Host
Pub Owners
SporcleCon
Opinionation
Our Games
Videos
Blog
Mobile Apps
Partnerships
Remove Ads and Go Orange
Feedback
History
US Presidents
World Leaders
Politics
Nation
Discovery
War
Decade
Year
Century
Biography
Art
History
US Presidents
World Leaders
Politics
Nation
Discovery
War
Decade
Year
Century
Biography
Art
Random Quiz
Search Sporcle
×
Quiz Lab
Quiz Lab
History
19th Century
Type in answers that appear in a list
Type in answers that appear in a list
Classic
Best Score? Go Orange.
Who's Who and What's What of the 19th Century Stats
Can you name the Who's Who and What's What of the 19th Century?
By
smollymolls
10m
49 Questions
18 Plays
18 Plays
18 Plays
Comments
Comments
Give Quiz Kudos
Give Quiz Kudos
-
- Ratings
hide this ad
Wrong Answers
Some wrong answers will appear in red
Some wrong answers will appear in red
Random Order
Randomize order of answers
Randomize order of answers
Replay
Link that replays current quiz
Next Quiz
Link to next quiz in quiz playlist
You Got
0%
They Got
Avg Score
25%
Avg Friend Score
Upgrade to see
Score Distribution
Jump to the score distribution portion of the page
Score
0/49
Timer
10:00
0
Plays Today
Hint
Terms/People
% Correct
inventor of the cotton gin
???
77.8%
inventor of a single-
wire telegraph system, and co-
inventor of the Morse code
???
77.8%
prominent civil rights leader who played a pivotal role in the 19th century women's rights movement
???
66.7%
best known for his novel 'Moby-
Dick'
???
66.7%
founder of the Latter Day Saint movement
???
66.7%
author of Little Women
???
61.1%
'American Moses' & leader in the Latter Day Saints movement
???
61.1%
American showman and businessman, founded circuses
???
61.1%
American novelist and short story writer
???
50%
American philosopher and leading transcendentalist
???
50%
led the Transcendentalist movement
???
44.4%
part of the transition between transcendentalism and realism
???
44.4%
writer of 'Paul Revere's Ride'
???
44.4%
developed the first commercially successful steamboat
???
38.9%
American author and poet; part of the American Romantic Movement
???
33.3%
French thinker and historian, best known for his Democracy in America
???
27.8%
American quaker, abolitionist, & women's rights activist
???
27.8%
American educator reformer
???
27.8%
leading figure of the early women's rights movement
???
27.8%
an idealistic philosophical and social movement that developed in New England around 1836 in reaction to rationalism
???
27.8%
inventor of the mechanical reaper
???
22.2%
American activists on behalf of the indigent insane
???
22.2%
first woman to receive a medical degree in the US
???
22.2%
political position that established inhabitants of a nation are superior to newcomers or immigrants
???
16.7%
'Father of American Music'
???
16.7%
Hint
Terms/People
% Correct
American author, essayist, biographer, and historian
???
16.7%
best known for writing the McGuffey Readers
???
16.7%
Christian doctrine that stresses individual freedom of belief and rejects the Trinity
???
16.7%
religious revival movement during the early 19th century in the US which expressed Arminian theology by which every person could be saved through revivals
???
16.7%
American educator known for her forthright opinions on female education
???
11.1%
allows for easy assembly & repair of devices
???
11.1%
American romantic poet
???
11.1%
American physician & member of the Fireside Poets
???
11.1%
prolific and popular American writer
???
11.1%
America's first true feminist and transcendentalist
???
11.1%
an early and influential women's rights convention held in Seneca Falls, New York
???
11.1%
'Father of the American Industrial Revolution'
???
5.6%
the period where steam power, railroads, canals, and roads emerged as new forms of transportation
???
5.6%
prevailing value system among the upper and middle classes during the 19th century
???
5.6%
The Father of Modern Revivalism
???
5.6%
author of the Oregon Trail
???
5.6%
created the Atlantic Telegraph Company
???
0%
a drastic change in the manual labor system originating in the South
???
0%
American Baptist preacher
???
0%
'Father of American Scholarship and Education'
???
0%
the first abolitionists to recognize the importance of women's rights
???
0%
American Methodist revivalist & politician
???
0%
women's rights activist who dedicated her life to education
???
0%
grand basis for attaining the civil, social, political, and religious rights of women
???
0%
Quiz Playlist
Details
Report
Send in Message
Add To Playlist
Classic:
Type in answers that appear in a list
Wrong Answers:
Some wrong answers will appear in red
Random Order:
Randomize order of answers
Last Updated: Feb 16, 2017
Quiz Scoreboard
CHALLENGE
Sign Up to Join the Scoreboard
Show All
Scores
Hide
Comments
May contain spoilers
Recently Published
5x2 Blitz: Bands
by SL_Kpop136
Music
30s
Colored Red Africa Blitz
by spor1
Geography
30s
Find the 'City' Movie
by crazypaving
Movies
60s
More to Explore
Quiz From the Vault
Featured Blog Post
14 Easter Pick-up Lines to Find Eggs With
hide this ad
You Might Also Like...
Tags
19th Century
Today's Top Quizzes in History
Browse History
hide this ad
Today's Top Quizzes in 19th Century
Browse 19th Century
Top Contributed Quizzes in History
1
Popular People in 1991
2
US National Parks Named After People
3
Order Up: 1000 Years of World Events I
4
Popular People in 1981
5
Popular People in 1951
6
Popular People in 1941
7
Popular People in 1986
8
Popular People in 1921
9
Popular People in 1976
10
Magic 10 Blitz: U.S. Presidents
Explore More
Trending Topics
Kpop
Disney
Harry Potter
NBA
Marvel
Anime
Crossword
Puzzle
Song
The Office
Soccer
Pokémon
NFL
Country
WWE
hide this ad
More By:
smollymolls
Quiz
Plays
Rating
Category
Featured
Created
Who's Who and What's What of the 19th Century
18
History
Nov 7, 2012
Go to Creator's Profile
Score Distribution
Quiz Creator Spotlight
smollymolls
Follow
Send a Message
Quizzes Created
-
Created Quiz Play Count
-
More By This Creator
Popular Quizzes Today
1
Find the 'City' Movie
2
Colored Red Africa Blitz
3
5x2 Blitz: Bands
4
Find the US States - No Outlines Minefield
5
The Countries of the World
6
Find the US States
7
US States
8
9x9 Crossword: Cartoon Network
More History Quizzes
US Presidents by Engraved Portrait
Curator's Pick
Trending Quizzes
Colored Red Europe Blitz I
Colored Red Africa Blitz II
Colored Red Europe Blitz II
Colored Red Europe Blitz III
Colored Red Africa Blitz III
Recently Updated
Famous TV Couples
Peacemaker
Champions League XIs: Real Madrid
pecheneg
Largest US Cities 1790-2010
pecheneg
Rides in Walt Disney World
pecheneg
Most Oscar Losses (Acting)
pecheneg
Beyoncé Albums
pecheneg
Leaping Animals
pecheneg
Reality TV Shows (A-Z)
bhenderson79
Rickey Henderson's Hall of Fame Teammates
pecheneg
Champions League XIs: Arsenal
pecheneg
Trending Topics
NBA
Harry Potter
Crossword
Anime
Kpop
Marvel
Disney
NFL
Soccer
WWE
The Office
Country
Pokémon
Puzzle
Song
Your Account Isn't Verified!
In order to create a playlist on Sporcle, you need to verify the email address you used during registration. Go to your
Sporcle Settings
to finish the process.
Report this User
Report this user for behavior that violates our
Community Guidelines
.
Details:
Send Report
Go to the Sporcle.com Mobile Site →
Comments